000
00250nam a2200133Ia 4500
100
_a
MF-1 MANUAL
942
_c
BK
654
_a
MF-1 MANUAL
245
_a
MF-1 MANUAL
260
_b
none
082
_a
621.381593
546
_a
ENGLISH
999
_c
32724
_d
32724